| 000 | 00601 a2200205 4500 | ||
|---|---|---|---|
| 001 | 112000 | ||
| 020 | _a9780394821443 | ||
| 041 | _apor | ||
| 082 | _aP Year 5 811 | ||
| 300 | _a84 p. | ||
| 697 | _aAmerican poetry - Collections. | ||
| 697 | _aHumorous poetry. | ||
| 856 | _u00001f/00001fae.jpg | ||
| 040 |
_aBR-BrIDEA _cBR-BrIDEA |
||
| 090 |
_aP Year 5 811 _bFOR |
||
| 245 | 1 | 0 |
_aFor laughing out loud _bpoems to tickle your funnybone _cselected by Jack Prelutsky ; illustrated by Marjorie Priceman |
| 260 |
_a[S.l.] _bKnopf : _c1991 |
||
| 700 |
_aMarjorie Priceman _eIllustrated |
||
| 942 | _cBK | ||
| 999 |
_c112000 _d112000 |
||